000 01454nam a2200397 c 4500
999 _c49951
_d49951
001 49951
003 ES-MaCES
005 20250526142655.0
007 cr |||||||||||
008 170925s2017 sp | 00| ||spa
017 _aNA 1784-2017
_bDL
020 _a9788491524816
040 _aES-MaCES
_bspa
_cES-MaCES
110 1 _aEspaña
_tLeyes, etc., mercantiles
_93136
245 1 0 _aCódigo de comercio y otras normas mercantiles
_cedición preparada por Ramón B. García Luengo (dir.), Javier García Marrero
250 _a24ª ed
260 _aCizur Menor (Navarra)
_bThomson Reuters-Aranzadi
_c2017
300 _a1698 p.
_c24 cm
490 1 _aColección Códigos básicos Aranzadi
_v6
500 _aÍndices
500 _aDisponible en formato electrónico mediante la aplicación PROVIEW
541 _cCompra
650 4 _acomercio
_927943
650 4 _aderecho mercantil
_927157
650 4 _aEspaña
_926964
650 4 _alegislación económica
_927161
650 4 _atexto
_929624
653 1 0 _aLegislación
700 1 _aGarcía Luengo, Ramón Bernabé
_eed. lit. y dir.
_912950
700 1 _aGarcía Marrero, Javier
_eed. lit.
_936018
775 0 _tCódigo de comercio y otras normas mercantiles
_w(ES-MaCES)48248
830 0 _aColección Códigos básicos Aranzadi
_v6
_932116
856 4 _uhttps://legalteca.aranzadilaley.es/my-library?sponsor=82111144-IP
_yLegalteca
902 _aLIB Libro
942 _2CES
_cBK
_h6.1.